| 000 | 00986cac a2200313 i 4500 | ||
|---|---|---|---|
| 003 | EG-GICUC | ||
| 005 | 20260409141150.0 | ||
| 008 | 260409s1951 mnu fr 00| | eng d | ||
| 040 |
_aDLC _cDLC _dDLC _dEG-GICUC _beng _erda |
||
| 082 | 0 | 4 |
_221 _a343.1 _bHA . C |
| 092 | 0 | 4 | _221 |
| 099 | _aLaw 10 343.1 HA . C 1951 | ||
| 100 | 1 |
_aHall, Livingston _eAuthor. |
|
| 245 | 1 | 0 |
_aCases on Criminal Law and Its Enforcement / _cLivingston Hall, Sheldon Glueck. |
| 264 | 1 |
_aSt. Paul, MN : _bWest, _c1951. |
|
| 300 |
_a931 pages ; _c26 cm. |
||
| 336 |
_atext _btxt _2rdacontent |
||
| 337 |
_aunmediated _bn _2rdamedia |
||
| 338 |
_avolume _bnc _2rdacarrier |
||
| 490 | _aAmerican Casebook Series | ||
| 500 | _aIncludes Index. | ||
| 546 | _aText in English | ||
| 650 | 0 |
_aCriminal law _zUnited States _vCases. _2qrmak |
|
| 651 | 1 | _2qrmak | |
| 700 | 1 |
_aGlueck, Sheldon _eAnnotator. |
|
| 856 | 4 | 0 | _uhttps://fll.law.cu.edu.eg/fulltext/bks/B10-08637.pdf |
| 905 | _a54 | ||
| 942 |
_2ddc _cBK _e21 _n0 |
||
| 999 |
_c69840 _d69840 |
||